Quizzes
Events
Quiz Creation
Community
Videos
Private Events
Remove Ads
Sign In
Join for FREE
Feedback
Dark Mode
Quiz Categories
Sports
Geography
Music
Movies
Television
Just For Fun
Miscellaneous
History
Literature
Language
Science
Gaming
Entertainment
Religion
Holiday
For Kids
Quiz Lab
Recent
Popular Today
Quiz Kudos Today
Editor Picks
Curator Picks
Quizzes by...
Day
Popularity
Type
Ratings
Length
Year
Community
Subscriptions
Recent Discussions
Orange Saloon
Badges
Playlists
Quests
Create
Leaderboards
Showdown
Live 5
Trivia Bingo
Activity
Puzzle Library
Sporcle Events
Private Events
Virtual Trivia
Globe League
Become a Host
Pub Owners
SporcleCon
Opinionation
Our Games
Videos
Blog
Mobile Apps
Partnerships
Remove Ads and Go Orange
Feedback
Literature
Harry Potter
A Song of Ice and Fire
The Hunger Games
Literary Character
Shakespeare
Book
Author
Novel
Poem
Young Adult
Children's Books
Play
Lord of the Rings
Literature
Harry Potter
A Song of Ice and Fire
The Hunger Games
Literary Character
Shakespeare
Book
Author
Novel
Poem
Young Adult
Children's Books
Play
Lord of the Rings
Random Quiz
Search Sporcle
×
Quiz Lab
Quiz Lab
Literature
Book
Type in answers that appear in a list
Type in answers that appear in a list
Classic
Best Score? Go Orange.
Scifi and Fantasy Books by Series Stats
Can you name the Books of these Scifi and Fantasy Series?
By
3kr
8m
44 Questions
49 Plays
49 Plays
49 Plays
Comments
Comments
Give Quiz Kudos
Give Quiz Kudos
-
- Ratings
hide this ad
Replay
Link that replays current quiz
Next Quiz
Link to next quiz in quiz playlist
You Got
0%
They Got
Avg Score
26%
Avg Friend Score
Upgrade to see
Score Distribution
Jump to the score distribution portion of the page
Score
0/44
Timer
08:00
0
Plays Today
Series
Book
% Correct
The Wheel of Time
The Eye of the World
65.3%
The Wheel of Time
The Dragon Reborn
65.3%
The Wheel of Time
The Great Hunt
55.1%
The Wheel of Time
The Path of Daggers
49%
The Wheel of Time
Winter's Heart
49%
The Wheel of Time
New Spring
46.9%
The Wheel of Time
The Shadow Rising
46.9%
The Wheel of Time
A Crown of Swords
42.9%
The Wheel of Time
The Fires of Heaven
40.8%
The Wheel of Time
The Crossroads of Twilight
40.8%
The Wheel of Time
Knife of Dreams
40.8%
The Wheel of Time
Lord of Chaos
38.8%
The Wheel of Time
The Gathering Storm
36.7%
Belgariad/
Malloreon
Pawn of Prophecy
36.7%
Honor Harrington Series
War of Honor
32.7%
Belgariad/
Malloreon
Queen of Sorcery
26.5%
Honor Harrington Series
At All Costs
24.5%
Belgariad/
Malloreon
Enchanter's Endgame
24.5%
Belgariad/
Malloreon
Magician's Gambit
22.4%
Belgariad/
Malloreon
King of the Murgos
22.4%
Honor Harrington Series
On Basilisk Station
20.4%
Belgariad/
Malloreon
Castle of Wizardry
20.4%
Series
Book
% Correct
Belgariad/
Malloreon
Guardians of the West
20.4%
Riverworld
To Your Scattered Bodies Go
20.4%
Honor Harrington Series
The Honor of the Queen
16.3%
Honor Harrington Series
Echoes of Honor
16.3%
Honor Harrington Series
Ashes of Victory
16.3%
Riverworld
The Fabulous Riverboat
16.3%
Belgariad/
Malloreon
Demon Lord of Karanda
14.3%
Vatta's War
Trading in Danger
14.3%
Vatta's War
Victory Conditions
14.3%
Honor Harrington Series
The Short Victorious War
12.2%
Honor Harrington Series
Field of Dishonor
12.2%
Honor Harrington Series
In Enemy Hands
12.2%
Riverworld
The Dark Design
12.2%
Belgariad/
Malloreon
Sorceress of Darshiva
10.2%
Vatta's War
Marque and Reprisal
10.2%
Vatta's War
Command Decision
10.2%
Riverworld
Gods of Riverworld
10.2%
Honor Harrington Series
Honor Among Enemies
8.2%
Belgariad/
Malloreon
Seeress of Kell
8.2%
Vatta's War
Engaging the Enemy
8.2%
Riverworld
The Magic Labyrinth
4.1%
Honor Harrington Series
Flag in Exhile
2%
Quiz Playlist
Details
Report
Send in Message
Add To Playlist
Classic:
Type in answers that appear in a list
Last Updated: Feb 16, 2017
Quiz Scoreboard
CHALLENGE
Sign Up to Join the Scoreboard
Show All
Scores
Hide
Comments
May contain spoilers
Recently Published
Click the 1999 NBA Draft
by nibperrychub
Sports
2m
Alphabetical 'K' Countries by Flag Minefield
by ylime102
Geography
3m
Pick 6: Fruits
by JohnFran
Miscellaneous
15s
More to Explore
Quiz From the Vault
Featured Blog Post
15 Basketball Trivia Facts You Can Be March Mad About
hide this ad
You Might Also Like...
Tags
Book Quiz
Fantasy
Fantasy Series
sci-fi
Today's Top Quizzes in Literature
Browse Literature
hide this ad
Today's Top Quizzes in Book
Browse Book
Top Contributed Quizzes in Literature
1
4-to-1 Blitz: Harry Potter
2
Pick 3: Harry Potter Hogwarts Quidditch Players
3
percy jackson logic puzzle
4
Jane Eyre Character Quotes
5
Season Plays
6
Harry Potter: Partnered Harry Trio Venn Diagram
7
Harry Potter Logic Quiz New
8
Cosmere Minesweeper
9
Literature Acrostic Puzzle
10
Percy Jackson Logic Puzzle (Hard!)
Explore More
Trending Topics
Kpop
Crossword
Marvel
Anime
Harry Potter
NBA
Disney
Country
Soccer
NFL
Song
Puzzle
The Office
Pokémon
WWE
hide this ad
More By:
3kr
Quiz
Plays
Rating
Category
Featured
Created
Phantasy Star Party Members
231
5.00
Gaming
Dec 16, 2009
Master of Orion Races
110
5.00
Gaming
Dec 2, 2009
Mutant League Football Teams
68
5.00
Gaming
Nov 13, 2009
Suikoden Stars of Destiny
62
5.00
Gaming
Oct 28, 2009
Scifi and Fantasy Books by Series
49
5.00
Literature
Jan 27, 2010
Go to Creator's Profile
Score Distribution
Quiz Creator Spotlight
3kr
Follow
Send a Message
Quizzes Created
-
Created Quiz Play Count
-
More By This Creator
Popular Quizzes Today
1
Find the US States - No Outlines Minefield
2
Countries of Asia Without Outlines Minefield
3
Pick 6: Fruits
4
The Countries of the World
5
Alphabetical 'K' Countries by Flag Minefield
6
Find the US States
7
Match the Book to the Film X
8
Click the 1999 NBA Draft
More Literature Quizzes
A Game of 'Thrown's
Curator's Pick
Trending Quizzes
Pick 6: Harry Potter
Pick 6: Mountains
Pick 6: NFL Teams
Pick 6: Movie Franchises
Pick 6: Golfers
Recently Updated
Women's Final Four Teams by Year
bhenderson79
Presidents Quartet II
eogle
Anything But Clue(do)
eogle
Anything But Oceanian Capitals
eogle
Anything But 7
eogle
Anything But Thing
eogle
Word Ladder: February 29
pecheneg
Song Title Questions
pecheneg
Women's NCAA Tournament #1 Seeds
pecheneg
Celebrity Mug Shots
pecheneg
Trending Topics
Crossword
Marvel
NBA
Disney
Anime
Kpop
Harry Potter
The Office
Puzzle
Country
Pokémon
NFL
Soccer
WWE
Song
Your Account Isn't Verified!
In order to create a playlist on Sporcle, you need to verify the email address you used during registration. Go to your
Sporcle Settings
to finish the process.
Report this User
Report this user for behavior that violates our
Community Guidelines
.
Details:
Send Report
Go to the Sporcle.com Mobile Site →
Comments